Ranking FIFA - Estadísticas

Estadísticas generales
  • Esta prueba ha sido intentada 229 veces
  • La puntuación promedio es 22 de 25
Estadísticas de respuestas
Pos. Selección Puntos Confederación % Correcto
1 Argentina 1867,25 CONMEBOL
99%
2 Francia 1859,78 UEFA
99%
5 Brasil 1775,85 CONMEBOL
98%
3 España 1853,27 UEFA
98%
4 Inglaterra 1813,81 UEFA
96%
9 Italia 1731,51 UEFA
96%
11 Uruguay 1695,91 CONMEBOL
96%
12 Colombia 1694,44 CONMEBOL
95%
6 Portugal 1756,12 UEFA
95%
10 Alemania 1703,79 UEFA
93%
8 Bélgica 1740,62 UEFA
93%
19 México 1627,40 CONCACAF
93%
16 Estados Unidos 1645,48 CONCACAF
91%
14 Marruecos 1688,18 CAF
89%
7 Países Bajos 1747,55 UEFA
89%
15 Japón 1652,79 AFC
87%
13 Croacia 1691,59 UEFA
86%
24 Ecuador 1560,13 CONMEBOL
80%
17 Senegal 1637,25 CAF
80%
23 Corea del Sur 1585,45 AFC
77%
20 Suiza 1625,16 UEFA
77%
21 Dinamarca 1611,49 UEFA
71%
22 Austria 1589,84 UEFA
66%
25 Ucrania 1554,94 UEFA
58%
18 Irán 1635,31 AFC
51%
No se encontraron pruebas coincidentes
Distribución de puntuación
Porcentaje de gente con cada puntuación
Porcentaje por número respondido
Historial de tus puntuaciones
No has intentado esta prueba.